MARC

LEADER 00000nam0a2200000 4500
001 188358
005 20231101224129.0
035 |a (RuTPU)RU\TPU\book\204599 
090 |a 188358 
100 |a 20101208d1983 km y0rusy50 ca 
101 0 |a rus 
102 |a RU 
105 |a y z 001zy 
200 1 |a Химия антрахинонов и их производных  |f М. В. Горелик 
210 |a Москва  |c Химия  |d 1983 
215 |a 295 с.  |c ил. 
320 |a Библиогр.: с. 265-287. 
320 |a Предметный указатель: с. 288-295. 
606 1 |a Антрахинон и его производные  |x Химия  |2 stltpush  |3 (RuTPU)RU\TPU\subj\76667  |9 87599 
610 1 |a производные 
610 1 |a получение 
610 1 |a строение 
610 1 |a восстановление 
610 1 |a присоединение 
610 1 |a замещение 
610 1 |a химические реакции 
675 |a 547.6  |v 3 
700 1 |a Горелик  |b М. В.  |g Михаил Викторович 
801 1 |a RU  |b 63413507  |c 20101208 
801 2 |a RU  |b 63413507  |c 20170921  |g RCR 
942 |c BK